| 000 | 00784nam a22002297a 4500 | ||
|---|---|---|---|
| 999 |
_c63326 _d63326 |
||
| 005 | 20240530110634.0 | ||
| 008 | 170919s2015 ua a g 000 0 ara d | ||
| 017 |
_a21454 _bمصر. دار الكتب |
||
| 020 | _a9789773686710 | ||
| 040 |
_aEG-CaGPL _cEG-CaGPL |
||
| 082 | 0 | 4 |
_221 _a418.2\ _bو ل |
| 100 | 0 | _aوداد نوفل . | |
| 245 | 1 | 2 |
_aاللغة العربية لغير المتخصصين / _cوداد نوفل . |
| 250 | _aط.1 | ||
| 260 |
_aالاسكندرية : _bمؤسسة حورس الدولية _c2015 . |
||
| 300 |
_a193 ص ؛ _c24 سم . |
||
| 650 | 0 | 7 |
_2qrmak _aاللغة العربية . |
| 650 | 0 | 7 |
_2qrmak _aاللغة العربية _xتعليم و تدريس . |
| 651 | _2qrmak | ||
| 942 |
_2ddc _cBK |
||